50 Università Migliori al Mondo secondo QS - Statistics

Statistiche generali
  • Questo quiz è stato fatto 77 volte
  • Il punteggio medio è 22 su 50
Statistiche sulle risposte
Punteggio QS Stato Università % Corretto
96.9 Regno Unito Università di Oxford
92%
96.7 Regno Unito Università di Cambridge
86%
96.8 Stati Uniti Università di Harvard
82%
82.0 Stati Uniti Università di Columbia
68%
100.0 Stati Uniti Istituto di Tecnologia del Massachusetts (MIT)
66%
91.6 Regno Unito UCL (University College di Londra)
64%
79.8 Stati Uniti Università della California, Los Angeles (UCLA)
63%
79.6 Stati Uniti Università di New York (NYU)
62%
93.7 Singapore Università Nazionale di Singapore (NUS)
58%
88.4 Singapore Università Tecnologica di Nanyang (NTU)
58%
84.7 Francia Università PSL
56%
93.9 Svizzera Politecnico di Zurigo (ETH Zurich)
55%
90.9 Stati Uniti Istituto di Tecnologia della California (Caltech)
53%
77.5 Francia Istituto Politecnico di Parigi
53%
82.1 Giappone Università di Tokyo
53%
86.5 Cina Università Tsinghua
53%
98.5 Regno Unito Imperial College di Londra
52%
81.3 Hong Kong Università Cinese di Hong Kong (CUHK)
52%
87.6 Hong Kong Università di Hong Kong
52%
88.5 Cina Università di Pechino
52%
77.1 Hong Kong Università di Scienza e Tecnologia di Hong Kong
52%
80.2 Regno Unito King’s College di Londra
49%
85.2 Stati Uniti Università di Yale
49%
90.1 Stati Uniti Università della California, Berkeley (UCB)
48%
82.0 Regno Unito Università di Manchester
45%
82.3 Corea del Sud Università Nazionale di Seul
44%
86.2 Stati Uniti Università di Chicago
42%
88.9 Australia Università di Melbourne
42%
81.2 Australia Università Monash
42%
87.1 Australia Università del Nuovo Galles del Sud (UNSW Sydney)
41%
87.3 Australia Università di Sydney
41%
84.1 Canada Università di Toronto
41%
82.4 Australia Università Nazionale Australiana (ANU)
41%
83.2 Germania Università Tecnica di Monaco (TUM)
40%
76.0 Giappone Università di Kyoto
38%
90.3 Stati Uniti Università della Pennsylvania
37%
81.0 Canada Università della Columbia Britannica
32%
83.0 Canada Università McGill
32%
85.5 Stati Uniti Università di Princeton
29%
96.1 Stati Uniti Università di Stanford
27%
83.3 Regno Unito Università di Edimburgo
26%
80.3 Cina Università Fudan
23%
77.8 Cina Università Shanghai Jiao Tong
23%
83.5 Svizzera Politecnico Federale di Losanna (EPFL)
16%
80.2 Australia Università del Queensland
12%
77.0 Paesi Bassi Università Tecnica di Delft (TU Delft)
8%
87.9 Stati Uniti Università di Cornell
7%
82.1 Stati Uniti Università Johns Hopkins
7%
79.0 Stati Uniti Università del Michigan-Ann Arbor
5%
77.1 Cina Università di Zhejiang
0%
Nessun quiz corrispondente trovato
Distribuzione punteggi
Percentuale di utenti per punteggio
Percentile per numero di risposta
I tuoi punteggi nel tempo
Non hai fatto questo quiz